|
|
|
|
| LEADER |
00000nam a2200000 a 4500 |
| 001 |
UCY8820 |
| 003 |
CL-VaPUC |
| 008 |
950707e19450000MX |||||||||||||||||spa|d |
| 082 |
0 |
4 |
|a 189
|b WUL
|2 21
|
| 100 |
0 |
|
|a Wulf, Maurice de
|e author
|9 340538
|
| 245 |
1 |
0 |
|a Historia de la filosofía medieval
|
| 300 |
|
|
|a v
|
| 942 |
|
|
|c BK
|
| 945 |
|
|
|d 19950707 00:00:00
|a aalvarez
|
| 260 |
|
|
|a Ciudad de México
|b Jus
|c 1945
|
| 500 |
|
|
|a v.1: Desde los origenes hasta el fin del siglo XII
|
| 500 |
|
|
|a v.2: El siglo XIII
|
| 500 |
|
|
|a v.3: Después del siglo XIII
|
| 650 |
|
0 |
|a Filosofía medieval
|9 256245
|
| 583 |
|
|
|a last modification
|c 19950707 00:00:00
|k Rodrigo Vera
|
| 999 |
|
|
|c 236021
|d 236019
|
| 952 |
|
|
|0 0
|1 0
|4 0
|6 189_000000000000000_WUL_1945
|7 0
|8 P
|9 243826
|a BIBEDU
|b BIBEDU
|c BIBEDU_PB
|d 2019-11-18
|h v.1
|i 158135K
|l 4
|m 2
|o 189 WUL 1945
|p 158135K
|r 2024-05-06
|s 2021-11-29
|w 2019-11-18
|y BK
|k FIL
|
| 952 |
|
|
|0 0
|1 0
|4 0
|6 189_000000000000000_WUL_1945
|7 0
|8 P
|9 243827
|a BIBEDU
|b BIBEDU
|c BIBEDU_PB
|d 2019-11-18
|h v.2
|i 1581368
|o 189 WUL 1945
|p 1581368
|r 2024-01-25
|w 2019-11-18
|y BK
|k FIL
|
| 952 |
|
|
|0 0
|1 0
|4 0
|6 189_000000000000000_WUL_1945
|7 0
|8 P
|9 243828
|a BIBEDU
|b BIBEDU
|c BIBEDU_PB
|d 2019-11-18
|h v.3
|i 3098133
|o 189 WUL 1945
|p 3098133
|r 2024-01-25
|w 2019-11-18
|y BK
|k FIL
|